000 00561cam a2200229 4500
008 090401t1993 xxu||||| |||| 00| 0 eng d
020 _a0851217753
035 _a(Sirsi) u62993
041 _aeng
050 _a346.4607
100 _aMiranda, Susana
245 _aSpain: practical commercial law.
260 _aLondon
_bLongman
_c1993
300 _ax,143p. ; 22cm.
350 _a34
490 _aEuropean Commercial Law Series
650 _aCOMMERCIAL LAW
650 _aTAXATION
690 _aOVERSEAS-EUROPE
942 _n0
948 _c04/03/1997
999 _c94496
_d94496